000 00761 a2200205 4500
001 54560
005 20260407155819.0
008 260407a1953 arg spa d
003 AR-UNSa-BCEJYS
040 _aAR-UNSa-BCEJYS
_bspa
_cAR-UNSa-BCEJYS
080 _a94(82):33
_xHistoria Económica Argentina
245 1 0 _aReflexiones sobre la organización económica de la Argentina
_plecturas pronunciadas en el salón literario en setiembre de 1837
264 1 _aBuenos Aires :
_bRaigal
_c1953
300 _a68 p.
_c20 cm.
505 _aI. Esteban Echeverría - II. Discurso de introducción - III. Segunda lectura - IV. La contribución territorial
041 _aspa
942 _cBK
590 _aniveau_biblio:m niveau_hierar:0
100 1 _aEcheverria, Esteban
999 _c5640
_d5640